000 00725nam a2200169 a 4500
001 000007123
005 20200929154055.0
008 090904s2000 dr ac 000 0 spa d
040 _aDO-SdBNP
_bspa
_cBNPHU
082 _a379.7293
_bC749n
111 2 _aCongreso nacional de educación cooperativa
_n1er.
_d2000
_cSanto Domingo, República Dominicana
_919765
245 1 0 _aHacia una educación cooperativa de calidad /
_ccoordinación y edición Claudio Lugo Pérez.
260 _aSanto Domingo :
_bEscuela Nacional de Educación Cooperativista (ENECOOP),
_c2000.
300 _a149 p. :
_bil. ;
_c21 cm.
650 4 _aEducación cooperativa
_xCongresos, conferencias, etc.
_919766
700 1 _aLugo Pérez, Claudio,
_ecoord. y ed.
_910211
999 _c6904
_d6904